ARRUPE JESUIT UNIVERSITY

CORONAVIRUS -STOP THE SPREAD - CLEAN,DISINFECT,COVER

Fundamentals of Marxism-Leninism, manual (Record no. 42650)

MARC details
000 -LEADER
fixed length control field 00480nam a2200193Ia 4500
003 - CONTROL NUMBER IDENTIFIER
control field 0100
008 - FIXED-LENGTH DATA ELEMENTS--GENERAL INFORMATION
fixed length control field 130303s9999 xx 000 0 und d
040 ## - CATALOGING SOURCE
Transcribing agency ARRUPELIB
050 ## - LIBRARY OF CONGRESS CALL NUMBER
Classification number HX56.F8131963
300 ## - PHYSICAL DESCRIPTION
Other physical details 22 cm
245 ## - TITLE STATEMENT
Title Fundamentals of Marxism-Leninism, manual
250 ## - EDITION STATEMENT
Edition statement 2nd rev.
260 ## - PUBLICATION, DISTRIBUTION, ETC. (IMPRINT)
Place of publication, distribution, etc Moscow
260 ## - PUBLICATION, DISTRIBUTION, ETC. (IMPRINT)
Name of publisher, distributor, etc Foreign Languages Publishing House
260 ## - PUBLICATION, DISTRIBUTION, ETC. (IMPRINT)
-- 1963
300 ## - PHYSICAL DESCRIPTION
Extent 734 p.
700 ## - ADDED ENTRY--PERSONAL NAME
Personal name edited by Clemens Dutt , Dutt, Clemens
942 00 - ADDED ENTRY ELEMENTS (KOHA)
Koha issues (borrowed), all copies 1
Holdings
Withdrawn status Lost status Source of classification or shelving scheme Damaged status Not for loan Collection code Home library Current library Shelving location Date acquired Total Checkouts Full call number Barcode Date last seen Date checked out Copy number Price effective from Koha item type
    Library of Congress Classification     Main Collection ARRUPE LIBRARY ARRUPE LIBRARY   04/03/2013 1 HX56.F8131963 46003048116 30/04/2018 20/01/2014 1 04/03/2013 Monograph ( Printed materials)

 

Arrupe Library. PO Box MP320 Mt Pleasant, Harare, Zimbabwe
263 242 745411|librarian@aju.ac.zw